Learning Resource and Development

House keeping, hygiene and sanitation in hospitality / (Record no. 29670)

MARC details
000 -LEADER
fixed length control field 01336nam a2200289 i 4500
003 - CONTROL NUMBER IDENTIFIER
control field CSPC
005 - DATE AND TIME OF LATEST TRANSACTION
control field 20250603131344.0
008 - FIXED-LENGTH DATA ELEMENTS--GENERAL INFORMATION
fixed length control field 250522s2021 ii b 001 0 eng d
020 ## - INTERNATIONAL STANDARD BOOK NUMBER
International Standard Book Number 9789352697281
040 ## - CATALOGING SOURCE
Transcribing agency CSPC
Original cataloging agency CSPC
Language of cataloging eng
Description conventions rda
082 04 - DEWEY DECIMAL CLASSIFICATION NUMBER
Classification number 647.94
Item number H816
245 00 - TITLE STATEMENT
Title House keeping, hygiene and sanitation in hospitality /
Statement of responsibility, etc. edited by Varinder Singh Rana.
264 #1 - PRODUCTION, PUBLICATION, DISTRIBUTION, MANUFACTURE, AND COPYRIGHT NOTICE
Place of production, publication, distribution, manufacture New Delhi, India :
Name of producer, publisher, distributor, manufacturer Random Publications,
Date of production, publication, distribution, manufacture, or copyright notice 2021 ; Reprint 2023.
300 ## - PHYSICAL DESCRIPTION
Extent viii, 296 pages ;
Dimensions 24 cm.
336 ## - CONTENT TYPE
Source rdacontent
Content type term text
337 ## - MEDIA TYPE
Source rdamedia
Media type term unmediated
338 ## - CARRIER TYPE
Source rdacarrier
Carrier type term volume
504 ## - BIBLIOGRAPHY, ETC. NOTE
Bibliography, etc. note Includes bibliographical references and index.
505 0# - FORMATTED CONTENTS NOTE
Formatted contents note Introduction -- Functions of housekeeping department -- Rules of housekeeping -- Housekeeping and cleaning management -- Hotel laundry and drycleaning -- Microbes in food -- Principles of sanitation -- Food hygiene -- Hospitality management -- Environment management programme for waste.
650 #4 - SUBJECT ADDED ENTRY--TOPICAL TERM
Topical term or geographic name entry element Housekeeping
General subdivision Management.
650 #4 - SUBJECT ADDED ENTRY--TOPICAL TERM
Topical term or geographic name entry element Hotels
General subdivision Housekeeping.
650 #4 - SUBJECT ADDED ENTRY--TOPICAL TERM
Topical term or geographic name entry element Sanitation in the hospitality industry.
650 #4 - SUBJECT ADDED ENTRY--TOPICAL TERM
Topical term or geographic name entry element Hospitality industry
General subdivision Health aspects.
700 1# - ADDED ENTRY--PERSONAL NAME
Personal name Rana, Varinder Singh,
Relator term editor.
942 ## - ADDED ENTRY ELEMENTS (KOHA)
Source of classification or shelving scheme Dewey Decimal Classification
Suppress in OPAC No
Koha item type Books
Item part H816
Call number prefix CIR
Call number suffix 2021
Classification part 647.94
Holdings
Withdrawn status Lost status Source of classification or shelving scheme Damaged status Not for loan Home library Current library Shelving location Date acquired Total Checkouts Full call number Barcode Date last seen Copy number Price effective from Koha item type
    Dewey Decimal Classification     Main Library Main Library Circulation Section 05/22/2025   CIR 647.94 H816 2021 029609 05/22/2025 1-1 05/22/2025 Books